| 000 | 00905cab a2200277 4500 | ||
|---|---|---|---|
| 001 | WB2838-19 | ||
| 008 | 090401t1992 xxu||||| |||| 00| 0 eng d | ||
| 035 | _a(Sirsi) u26139 | ||
| 041 | _aeng | ||
| 245 | _aComing home to the office | ||
| 260 | _c1992 | ||
| 350 | _a0 | ||
| 490 |
_aIndependent _v26 September 1992, 37 |
||
| 490 |
_aSunday Times _v26 September 1992, 4.22(2) |
||
| 520 | _aWith the London commercial property market suffering a slump even more severe than the residential market, developers are buying properties intended for office use to turn them into flats at knock-down prices. | ||
| 650 | _aCHANGE OF USE | ||
| 650 | _aMANHATTAN LOFT CORPORATION | ||
| 650 | _aOFFICES | ||
| 650 | _aRECESSION | ||
| 650 | _aRESIDENTIAL ACCOMMODATION | ||
| 650 | _aSURPLUS SPACE | ||
| 690 | _aPROPERTY-COMMERCIAL PROPERTY | ||
| 690 | _aHOUSING | ||
| 942 | _n0 | ||
| 948 | _c04/03/1997 | ||
| 999 |
_c17543 _d17543 |
||